Who Said What??--Harry Potter Quiz Stats

 Plays Quiz not verified by Sporcle

Support Sporcle.
Go Orange.
Score 0/19 Timer 04:00
0 Plays Today
Quote Said By % Correct
????
100%
????
71.2%
????
56.5%
????
50.6%
????
50.1%
????
48.9%
????
48.6%
????
47.3%
????
47.1%
????
47%
Quote Said By % Correct
????
45.1%
????
28.6%
????
27.9%
????
27.8%
????
26.7%
????
26.5%
????
24%
????
23.8%
????
23.3%

You're not logged in!

Compare scores with friends on all Sporcle quizzes.
OR
Log In

From the Vault

African Countries by Independence Date

by ACL

One of these is coming up very soon.
Remove Ads.
Support Sporcle.
Get the best of Sporcle when you Go Orange. This ad-free experience offers more features, more stats, and more fun while also helping to support Sporcle. Thank you for becoming a member.

Show Comments

Extras

Top Quizzes Today


Score Distribution

Your Account Isn't Verified!

In order to create a playlist on Sporcle, you need to verify the email address you used during registration. Go to your Sporcle Settings to finish the process.

Report this User

Report this user for behavior that violates our Community Guidelines.

Details: